[Event "Corus-B"]
[Site "Wijk aan Zee"]
[Date "2006.01.25"]
[Round "10"]
[White "Carlsen, Magnus"]
[Black "Almasi, Zoltan"]
[Result "1/2-1/2"]
[WhiteElo "2625"]
[BlackElo "2646"]
[PlyCount "92"]
[EventDate "2006.01.14"]
[EventType "tourn"]
[EventRounds "13"]
[EventCountry "NED"]
[EventCategory "15"]
[SourceTitle "CBM 111"]
[Source "ChessBase"]
[SourceDate "2006.04.04"]
[SourceVersion "1"]
[SourceVersionDate "2006.04.04"]
[SourceQuality "1"]

1. e4 {Erenburg,Sergey} e5 2. Nf3 Nc6 3. Bb5 a6 4. Ba4 Nf6 5. O-O Be7 6. Re1 b5 7. Bb3 O-O 8. c3 d6 9. d4 Bg4 10. Be3 ({RR} 10. d5) 10... exd4 11. cxd4 Na5 12. Bc2 Nc4 13. Bc1 c5 14. b3 Nb6 15. Nbd2 ({RR} 15. Bb2 cxd4 16. Nbd2 Nfd7 17. h3 Bh5 18. g4 d3 19. Bxd3 Nc5 20. Bc2 Bg6 21. Nd4 Qd7 22. f4 f6 23. N2f3 Rfe8 24. Nf5 Bf8 25. Qd4 Qa7 26. Kh1 Rac8 27. Rac1) 15... Nfd7 ({RR} 15... Rc8 16. h3 Bh5 17. g4 Bg6 18. d5 Nfd7 19. Nf1 Re8 20. Ng3 Bf6 21. Rb1) 16. h3 Bh5 17. Bb2 ({RR} 17. g4 Bg6 18. d5 Bf6 19. Rb1 Re8 20. Nf1 h6 21. Kg2 Rc8 22. Ng3 c4 23. Re2) 17... Rc8 ({RR} 17... Re8 18. a4 ({RR} 18. Qb1 Bg6 19. a4 d5 20. axb5 axb5 21. Rxa8 Qxa8 22. dxc5 Nxc5 23. e5 Ne6) 18... bxa4 19. bxa4 Rb8 ({RR} 19... cxd4 20. a5 d3 21. Bb1 ({RR} 21. Bxd3 Nc5) 21... Nc8 22. Bxd3 Nc5 23. Bc4) 20. a5 ({RR} 20. Rb1 cxd4 ({RR} 20... d5 21. a5 Nc4 22. Nxc4 dxc4 23. Ba4) 21. a5 ({RR} 21. Bxd4 Bf6 22. Be3 d5) 21... Bxf3 22. Qxf3 Ne5 23. Qe2 Nbd7 24. Bxd4 Rxb1 25. Rxb1 Qxa5) ({RR} 20. Ra2) 20... Nc8 ({RR} 20... Nd5 21. Nc4 Nc7 ({RR} 21... Nf4 22. Bc1 ({RR} 22. dxc5 Nxc5) 22... Ne6 23. g4 Bg6 24. d5 Nc7 25. Bf4) 22. Rb1) 21. Nc4 Na7 22. dxc5 ({RR} 22. Rb1 Nb5 23. dxc5 ({RR} 23. d5 Bf6) 23... Nxc5 24. Qd5 Bxf3 25. gxf3 Ne6) ({RR} 22. d5 Bf6) 22... Nxc5 23. Qd2 ({RR} 23. Qd4 Bf8 ({RR} 23... Bf6 24. e5 Nc6 ({RR} 24... Nb5 25. Qd5 Bxf3 26. Qxf3 dxe5 27. Bxe5) 25. Qxd6 Qxd6 26. Nxd6) 24. Nfd2 Bg6 25. Nb6 Nc6 26. Qc3 Nxa5) 23... Bxf3 24. gxf3 Nc6 ({RR} 24... Qc8 25. Kh2 Qe6 26. Nb6 Nc8 27. Rg1 Bf8 ({RR} 27... Bf6 28. Bxf6 Qxf6 29. Nd5) 28. Qb4) 25. Rad1 ({RR} 25. Rab1 Qd7 ({RR} 25... Rb5 26. Bc3 Bf6 27. Bxf6 Qxf6 28. Qxd6 Re6 29. Qc7 g6) 26. Kh2 Qe6 27. Rg1 Ne5 28. Bxe5 ({RR} 28. Nxe5 Rxb2) 28... dxe5 29. Qd5 Rxb1 30. Rxb1 Qf6 31. Qxe5 Qxf3 32. Kg1 ({RR} 32. Qxe7 Qf4+) 32... g6) ({RR} 25. Kh2 Bg5) 25... Nxa5 26. Nxa5 Rxb2 27. Nc4 Rb8 28. e5 ({RR} 28. Nxd6 Bxd6 29. Qxd6 Qc8) 28... d5 ({RR} 28... dxe5 29. Bxh7+ Kh8 30. Qc2 Qc7 ({RR} 30... Qc8 31. Nxe5) 31. Rxe5 ({RR} 31. Nxe5 Bf6) 31... Bf6 32. Rh5) 29. Qxd5 Qxd5 30. Rxd5 Rb4 31. Ne3 g6 ({RR} 31... Ne6 32. Ra5) 32. Ra1 {Kramnik,V (2744)-Adams,M (2719) Dortmund 2005 CBM 108 [Erenburg,Sergey] ½-½ (58)}) ({RR} 17... Re8 18. Nf1 Bf6 19. g4 Bg6 20. Ng3 Rc8 21. Rc1 h6 22. Bb1 Nf8 23. Qd2 Ne6 24. Nf5 Bxf5 25. exf5 Ng5 26. Nxg5 Bxg5 27. Rxe8+ Qxe8 28. f4 Bh4 29. f6 Bxf6 30. Re1 Qc6 31. g5 hxg5 32. fxg5 {Burrows,M (2101)-Starley,R (2064) Leicester ENG 2023 0-1 (80)}) 18. Rc1 ({RR} 18. a4 bxa4 19. bxa4 cxd4 20. a5 Nc4 21. Nxc4 Rxc4 22. g4 Bg6 23. Bd3 Rc5 24. Nxd4 Bf6 25. f4 Rxa5 26. f5 Qb6 27. Rxa5 Qxb2 28. Nb3 Rb8 29. Qc2 Rxb3 30. Qxb2 Bxb2 31. Rd1 Kf8 32. Rxa6 Bd4+ {Ganguly,S (2634)-Almasi,Z (2685) Paks 2009 0-1 (67)}) 18... cxd4 ({RR} 18... Re8 19. Bb1 cxd4 20. Bxd4 Bf6 21. Rxc8 Qxc8 22. Qc1 Qb7 23. Qa3 Bxf3 24. Nxf3) 19. Bb1 $146 ({RR} 19. Bxd4 Bf6 20. g4 Bg6 21. Nf1 Ne5 22. Nxe5 Bxe5 23. Qd2 Bxd4 24. Qxd4 d5 25. Ng3 dxe4 26. Qxd8 Rcxd8 27. Bxe4 Nd5 28. Red1 Nf4 29. Kh2 h6 30. Bf5 Kh7 31. a4 b4 32. Rxd8 Rxd8 33. Rc4 Nd5 {Kovalev,V (2554)-Efimenko,Z (2648) Dubai 2014 ½-½ (54)}) ({RR} 19. g4 Bg6 20. Nxd4 Bg5 21. Bb1 Qf6 22. Rxc8 Rxc8 23. N2f3 Bf4 24. Qe2 Ne5 25. Kg2 Nxf3 26. Nxf3 Qe7 27. Ba1 {½-½ (27) Rogulj,B (2460)-Lukacs,P (2405) Lodz 1980}) 19... Bf6 20. Rxc8 Qxc8 21. g4 Bg6 22. Nxd4 Qc5 23. N2f3 Re8 24. Qd2 d5 25. g5 Bxd4 26. Bxd4 Qc8 27. Bb2 dxe4 28. Qd4 f6 29. Nh4 Re5 30. Nxg6 Rxg5+ 31. Kh2 hxg6 32. Qxe4 Nf8 33. f4 Rh5 34. Qf3 Nd5 35. f5 Qc7+ 36. Be5 fxe5 37. Qxd5+ Qf7 38. Rxe5 gxf5 39. Bxf5 g6 40. Be4 Rxe5 41. Qxe5 Qf2+ 42. Bg2 Qxa2 43. Qd5+ Kg7 44. Qe5+ Kg8 45. Qd5+ Kg7 46. Qe5+ Kg8 1/2-1/2

[Event "Corus-B"]
[Site "Wijk aan Zee"]
[Date "2006.01.27"]
[Round "11"]
[White "Motylev, Alexander"]
[Black "Carlsen, Magnus"]
[Result "1-0"]
[WhiteElo "2638"]
[BlackElo "2625"]
[PlyCount "67"]
[EventDate "2006.01.14"]
[EventType "tourn"]
[EventRounds "13"]
[EventCountry "NED"]
[EventCategory "15"]
[SourceTitle "CBM 111"]
[Source "ChessBase"]
[SourceDate "2006.04.04"]
[SourceVersion "1"]
[SourceVersionDate "2006.04.04"]
[SourceQuality "1"]

1. e4 {Pelletier,Yannick Atlas,Valeri} c5 2. Nf3 d6 3. d4 cxd4 4. Nxd4 Nf6 5. Nc3 a6 6. f3 Nbd7 ({RR} 6... b5 7. a4 b4 8. Nd5 ({RR} 8. Na2 a5 9. c3 e5 10. Nb5 bxc3 11. Naxc3 Bb7 12. Be3 Be7 13. Qd2 O-O 14. Rd1 Ne8 15. Nd5 Bxd5 16. Qxd5 Na6 17. Rc1 Nb4 18. Qd2 d5) 8... Nxd5 ({RR} 8... e6 9. Nxb4 ({RR} 9. Nxf6+ Qxf6 10. Be3 Be7) 9... d5 10. Nbc6 Nxc6 11. Nxc6 Qb6 12. exd5 Nxd5) 9. exd5 g6 10. Be3 Bb7 11. Bc4 Qc7 12. Bb3 ({RR} 12. Qe2 Nd7 13. a5 Bg7) 12... Nd7 13. Qd2 Nf6 ({RR} 13... Nc5 14. Qxb4 Nxb3 15. Qxb3 Qa5+ 16. Kf2 Bxd5 17. c4 Bg7 18. Rad1 Be6 19. Qb7 O-O 20. Nxe6 fxe6 21. Qxe7) 14. Ne2 ({RR} 14. Qxb4 Nxd5 15. Bxd5 Bxd5) 14... a5 15. O-O-O Rc8 16. Nd4 Bg7 ({RR} 16... Nxd5 17. Nb5 ({RR} 17. Bxd5 Bxd5 18. Nb5 Qc4)) ({RR} 16... Bxd5 17. Nb5 ({RR} 17. Bxd5 Nxd5 18. Nb5 Qxc2+ 19. Qxc2 Rxc2+ 20. Kxc2 Nxe3+) 17... Bxb3 18. Nxc7+ Rxc7) 17. Nb5 Qd8 18. g4 Nd7 19. Kb1 Nc5 20. h4 h5 21. Bd4 {Anand,V (2784)-Topalov,V (2700) Wijk aan Zee 1999 CBM 069 [Atlas,Valeri] 1-0 (41)}) 7. g4 ({RR} 7. a4 g6 8. a5 Bg7 9. Be3 O-O 10. Qd2 Qc7 11. Be2 Ne5 12. O-O Nc4 13. Bxc4 Qxc4 14. Na4 Nd7 15. Ra3 Rb8 16. c3 Qc7 17. Nb3 Ne5 18. Nb6 Nc4 19. Nxc4 Qxc4 20. Bd4 Bd7 21. Bxg7 Kxg7 {Campos Gomez,M (2339)-Milare,T (2248) chess.com INT 2025 ½-½ (106)}) 7... g6 $146 ({RR} 7... Nc5 8. g5 Nfd7 9. b4 Ne6 10. Nd5 Ne5 11. Be2 Nxd4 12. Qxd4 e6 13. Nb6 Nc6 14. Qf2 Rb8 15. a3 Be7 16. h4 O-O 17. Be3 d5 18. Rd1 Qc7 19. exd5 Bd6 20. f4 Ne7 21. Bc5 Nxd5 22. Nxd5 {Silva Sanchez,C (2388)-Gislason,G (2314) Dos Hermanas 2003 0-1 (86)}) ({RR} 7... h6 8. Be3 d5 9. Nxd5 Nxd5 10. exd5 Qa5+ ({RR} 10... Ne5 11. c4) 11. Qd2 Qxd5 12. Bg2 ({RR} 12. c4 Qd6) 12... e6 ({RR} 12... e5 13. f4 e4 ({RR} 13... Qc4 14. Nf5) 14. h3 ({RR} 14. Nb3 Qxd2+ 15. Nxd2 Nf6 16. h3 Nd5) ({RR} 14. Ne2 Qxd2+ 15. Bxd2 Bc5)) 13. f4 Qc4 14. O-O-O Bb4 ({RR} 14... Qxa2 15. Nb3 Qa4 16. Qc3 ({RR} 16. Kb1 Bb4 17. Qd4 O-O 18. g5 ({RR} 18. Bd2 a5 19. Bc3 f6) 18... hxg5 19. fxg5 Qb5) 16... Qb4 ({RR} 16... Be7 17. Rd4 Qb5 ({RR} 17... Qa2 18. Kd2) 18. Rc4 O-O 19. Nd4 Qb6 20. g5 hxg5 21. Nc6 Bf6 22. Bxb6 Bxc3 23. Ne7+ Kh7 24. Rxc3) 17. Qc7 Be7 18. Rd4 Qb6 19. Qc3 Qd8 20. Rd3 Bf6 21. Qc4) 15. c3 O-O ({RR} 15... Be7 16. Kb1) 16. h4 ({RR} 16. Kb1 Be7 17. h4) 16... e5 ({RR} 16... Be7 17. b3 Qc7 18. g5) 17. Nc2 Bc5 ({RR} 17... Be7 18. g5) 18. Bd5 Bxe3 19. Nxe3 Qc5 ({RR} 19... Qxf4 20. Rdf1 Qa4 ({RR} 20... Qg3 21. Nf5) 21. g5) 20. f5 Nb6 ({RR} 20... Nf6 21. g5) 21. g5 h5 ({RR} 21... Nxd5 22. Nxd5 Bxf5 23. b4) 22. Qe2 {Pelletier,Y (2589)-Kempinski,R (2608) Germany 2004 CBM 105 [Pelletier,Yannick] 1-0 (36)} ({RR} 22. g6 Nxd5 23. Nxd5 fxg6 ({RR} 23... Bxf5 24. b4 Qd6 25. Qg5) 24. fxg6 Bg4 25. Qg5 Rae8) {RR} 22... Bd7 23. Rhe1) 8. Be3 Bg7 9. h4 h5 10. g5 Nh7 11. Qd2 b5 12. f4 Bb7 13. f5 Ne5 14. O-O-O O-O 15. Nd5 Bc8 16. Nf4 Bb7 17. fxg6 fxg6 18. Nde6 Qc8 19. Nxf8 Nxf8 20. Nd5 Qd8 21. Bb6 Qd7 22. Qg2 Rc8 23. Bd4 Qd8 24. Kb1 Ne6 25. Bxe5 Bxe5 26. Qf2 Bxd5 27. exd5 Nc5 28. Bh3 Rc7 29. Rhf1 Bg7 30. Be6+ Kh7 31. Bf7 Qd7 32. Bxg6+ Kxg6 33. Qf7+ Kh7 34. Qxh5+ 1-0

[Event "Corus-B"]
[Site "Wijk aan Zee"]
[Date "2006.01.28"]
[Round "12"]
[White "Carlsen, Magnus"]
[Black "Cheparinov, Ivan"]
[Result "1/2-1/2"]
[WhiteElo "2625"]
[BlackElo "2625"]
[PlyCount "117"]
[EventDate "2006.01.14"]
[EventType "tourn"]
[EventRounds "13"]
[EventCountry "NED"]
[EventCategory "15"]
[SourceTitle "CBM 111"]
[Source "ChessBase"]
[SourceDate "2006.04.04"]
[SourceVersion "1"]
[SourceVersionDate "2006.04.04"]
[SourceQuality "1"]

1. e4 e5 2. Nf3 Nc6 3. Bb5 Nf6 4. O-O Nxe4 5. Re1 Nd6 6. Nxe5 Be7 7. Bf1 Nxe5 8. Rxe5 O-O 9. d4 Bf6 10. Re1 Nf5 11. d5 d6 12. Nd2 Bg5 ({RR} 12... Re8 13. Ne4 Bd7 14. c3 h6 15. Bd3 Nh4 16. g3 Ng6 17. f4 c6 18. Be3 Be7 19. Bc4 Bf8 20. Bf2 b5 21. dxc6 bxc4 22. cxd7 Qxd7 23. Qd5 Rab8 24. b4 Qg4 25. Qd1 Qf5 26. Qd4 a5 27. a3 {Anand,V (2786)-Kramnik,V (2808) Leuven 2017 ½-½ (70)}) 13. c3 ({RR} 13. Bd3 Nh6 14. Ne4 Bxc1 15. Qxc1 Bf5 16. Qf4 Bg6 17. Ng3 Qd7 18. Re2 Rae8 19. Rae1 Rxe2 20. Rxe2 Re8 21. Ne4 Bxe4 22. Rxe4 Rxe4 23. Qxe4 g6 24. Qe3 Ng4 25. Qxa7 Qe7 26. h3 Qe1+ 27. Bf1 Nf6 {Van Foreest,J (2687)-Reimanis,R (2355) London ENG 2025 1-0 (129)}) 13... Bd7 14. g3 $146 ({RR} 14. Qb3 b6 15. Nf3 Bxc1 16. Raxc1 Nh4 17. Nxh4 Qxh4 18. Bb5 Qd8 19. Qa4 Bxb5 20. Qxb5 Re8 21. Qc6 Rc8 22. g3 Kf8 23. h4 Re5 24. Rxe5 dxe5 25. Re1 Qd6 26. Qb7 Re8 27. Qxa7 e4 28. Qb7 e3 {Womacka,M (2371)-Guerra Mendez,J (2500) chess.com INT 2023 0-1 (55)}) ({RR} 14. Qb3 b6 15. Nf3 Bxc1 16. Raxc1 Qf6 17. Bb5 Rad8 18. Bxd7 Rxd7 19. Qa4 Re7 20. Qxa7 Rfe8 21. Rxe7 Qxe7 22. h3 Qd7 23. Qa6 h6 24. Qd3 g6 25. g3 Qa4 26. a3 Qb3 27. Qd2 Kh7 28. Kg2 Ng7 {Womacka,M (2371)-Dubnevych,M (2391) chess.com INT 2023 0-1 (78)}) 14... Re8 15. Ne4 Bxc1 16. Rxc1 Nh6 17. f3 Nf5 18. Qd2 c6 19. dxc6 bxc6 20. Qf2 Be6 21. Rcd1 d5 22. Nc5 Qf6 23. Rd2 Re7 24. Rde2 Rae8 25. Nb3 h5 26. Qc5 Qg5 27. Re5 h4 28. g4 Bc8 29. Rxe7 Rxe7 30. Rxe7 Nxe7 31. Kf2 Qe5 32. Kg1 f5 33. Qxa7 fxg4 34. Qd4 Qg5 35. f4 Qg6 36. Qe5 Kf7 37. Nd4 g3 38. Qg5 gxh2+ 39. Kxh2 Qxg5 40. fxg5 c5 41. Nb3 c4 42. Nd4 Kg6 43. Nf3 Bg4 44. Nxh4+ Kxg5 45. Kg3 Bd7 46. Nf3+ Kf6 47. Nd4 Nf5+ 48. Nxf5 Bxf5 49. Kf4 Bd7 50. b3 cxb3 51. axb3 g5+ 52. Ke3 Ke5 53. b4 g4 54. b5 Kd6 55. Kf4 Kc5 56. Bg2 Bxb5 57. Bxd5 Kxd5 58. c4+ Bxc4 59. Kxg4 1/2-1/2

[Event "Corus-B"]
[Site "Wijk aan Zee"]
[Date "2006.01.29"]
[Round "13"]
[White "Lagno, Kateryna"]
[Black "Carlsen, Magnus"]
[Result "0-1"]
[WhiteElo "2500"]
[BlackElo "2625"]
[Annotator "Mikhalevski,Victor"]
[PlyCount "62"]
[EventDate "2006.01.14"]
[EventType "tourn"]
[EventRounds "13"]
[EventCountry "NED"]
[EventCategory "15"]
[SourceTitle "CBM 111"]
[Source "ChessBase"]
[SourceDate "2006.04.04"]
[SourceVersion "1"]
[SourceVersionDate "2006.04.04"]
[SourceQuality "1"]

1. e4 e5 2. Nf3 Nc6 3. Bb5 a6 4. Ba4 Nf6 5. d3 Bc5 6. Nc3 b5 7. Bb3 d6 8. Nd5 h6 9. c3 O-O 10. O-O Rb8 11. Ne3 $6 {[%cal Gd3d4] A not very fortunate novelty. White has to connect his hopes to obtain an advantage with the advance d4.} ({So the previous games saw} 11. Re1 $5 {preparing d4.} Re8 (11... Bg4 12. h3 Bxf3 13. Qxf3 Nxd5 14. Bxd5 Ne7 15. Bb3 $14 {and White is slightly better thanks to a pair of bishops.1-0 Vallejo Pons,F-Georgiev,V/Mallorca 2004/CBM 104 no vc (70)}) 12. d4 $1 (12. h3 a5 13. a4 (13. d4 $5 Ba7 14. Be3 $1) 13... b4 14. Bc4 Nxd5 15. Bxd5 Ne7 16. Bc4 bxc3 17. bxc3 Ng6 18. d4 Bb6 19. Bb5 Bd7 20. Bxd7 Qxd7 $11 {½-½ Radjabov,T-Ganguly,S/Moscow RUS 2005/The Week in Chess 537 (22)}) 12... Ba7 13. Be3 $1 {I believe this is the way to fight for advantage in this line.} Ng4 $1 14. Qd3 Nxe3 15. fxe3 (15. Nxe3 $5 $14) 15... Na5 16. Bc2 Bb7 {[%cal Gc7c6] 1-0 Akopian,V-Ganguly,S/Gibraltar ENG 2006 (32) and with a pir of bishops and a misplaced knight on d5 Black looks ok.}) ({and the immediate} 11. d4 Ba7 12. Be3 $1 exd4 ({In case of} 12... Nxe4 {White plays} 13. Re1 $1 {[%csl Re4][%cal Gd4e5] and suddenly black pieces start to hang. F.e.} Bg4 14. dxe5 Nc5 15. exd6 Qxd6 16. h3 Bh5 (16... Bxf3 17. Qxf3 Nxb3 18. axb3 Bxe3 19. Nxe3 $14 {[%cal Ge3f5,Ga1d1]}) 17. g4 Bg6 18. Bf4 Qd7 19. Ne7+ Nxe7 20. Qxd7 Nxd7 21. Rxe7 $16) (12... Ng4 $5) 13. Nxd4 Nxd4 14. Bxd4 Bxd4 15. Qxd4 $14 {1-0 Asrian,K-Yegiazarian,A/Yerevan ARM 2005/The Week in Chess 548 (51)}) ({RR} 11. Nxf6+ Qxf6 12. h3 Ne7 13. d4 Bb6 14. Be3 Ng6 15. a4 Nf4 16. a5 exd4 17. Bxf4 Qxf4 18. axb6 Rxb6 19. Qxd4 Bxh3 20. e5 Qxd4 21. cxd4 Bg4 22. Rfc1 Rc8 23. exd6 Bxf3 24. gxf3 Rxd6 25. d5 c5 {Caruana,F (2808)-Mamedyarov,S (2800) Paris 2017 1-0 (45)}) 11... Bb6 $1 {Black moves the bishop away from a possible attack by means of d4.} 12. Qe2 $146 {[%cal Gf1d1] White prepares d1.} ({Now} 12. d4 {would be met by} exd4 13. cxd4 Re8 $15 {[%csl Re4] and White can't protect his central pawn.} (13... Nxe4 $4 14. Bd5 $18 {[%csl Rc6,Re4]})) ({RR} 12. a4 Be6 13. axb5 axb5 14. Nd5 Bxd5 15. exd5 Ne7 16. d4 e4 17. Nd2 c5 18. Re1 Nexd5 19. Nxe4 Nxe4 20. Rxe4 c4 21. Bc2 Nf6 22. Re1 d5 23. Qf3 Bc7 24. Bd2 Qd6 25. g3 Qb6 26. h3 Rfe8 {Munguntuul,B (2381)-Enkhsaran,B (1926) Choibalsan MGL 2024 1-0 (70)}) ({RR} 12. a4 Be6 13. axb5 axb5 14. Nd5 Bxd5 15. exd5 Ne7 16. d4 e4 17. Nd2 c5 18. Re1 Nexd5 19. Nxe4 Nxe4 20. Rxe4 c4 21. Bc2 Nf6 22. Re1 d5 23. Qf3 Bc7 24. Bd2 Qd6 25. g3 Qb6 26. h3 Rfe8 {Munguntuul,B (2381)-Enkhsaran,B (1926) Choibalsan MGL 2024 1-0 (70)}) 12... Ne7 {[%cal Ge7g6,Gg6f4] Noticing that f4 would be a nice square for the knight Black transfers it there via e7 and g6.} 13. Rd1 Ng6 14. Nf5 ({It was better to move the queen away from e2.} 14. Qc2 {with the idea to meet} Nf4 {with} 15. Nf5 Bxf5 16. exf5 {[%cal Gd3d4]} Qd7 17. Bxf4 (17. d4 e4 $1 18. Bxf4 exf3 19. gxf3 Rfe8 $44) 17... exf4 18. d4 $11 {with almost a symmetric position.}) 14... d5 $1 {Exploiting a hanging position of the knight on f5.} 15. h3 Re8 $1 {[%csl Re4][%cal Gc7c5] A useful prophylactic move. Black prepares advance of the c-pawn to c5 taking space on the queenside and in the centre.} 16. g4 $2 {This move can't be good. White weakens the dark squares getting nothing in exchange.} (16. Ng3 {agreeing with a slightly worse position would be a more realistic approach.}) 16... c5 $1 17. c4 bxc4 18. dxc4 d4 $15 {First achievement-Black obtained a defended passed pawn in the centre.} 19. Ba4 Re6 $1 {Magnus doesn't want to allow a manoeuvre of the light-squared bishop via c6 to d5. Moreover the rook will be useful o the e-file after exchange on f4.} (19... Rf8 20. Bc6) 20. Ne1 {[%cal Ge1d3] It would be nice to block the d-pawn by means of Nd3, but...} Nf4 $1 21. Bxf4 ({In case of} 21. Qf3 {Black can play similar to the game.} g6 $1 (21... Ba5 $5) 22. Nxh6+ Kg7 23. Bxf4 exf4 24. e5 $1 (24. Nd3 Nxe4 25. Nxf4 Ng5 $1 26. Nxe6+ Bxe6 $17 {[%csl Rh6]}) 24... Nh7 $1 25. Qxf4 Ng5 $1 {[%csl Rf4,Rg1][%cal Gg5h3]} 26. Kf1 Bc7 $1 {[%csl Re5]} 27. Nd3 f6 $1 28. h4 Rxe5 $1 29. Nxe5 Bxe5 $17 {[%csl Rf1,Rh6] with an obvious advantage for Black.}) 21... exf4 {[%csl Re4]} 22. f3 g6 $1 $17 {[%csl Rf5] Suddenly the knight on f5 gets in a trouble.} 23. Nxh6+ Kg7 {[%csl Rh6] Where is a way out?} 24. g5 ({Probably} 24. Nd3 {would be a better practical chance, but after} Kxh6 25. Nxf4 Nh7 $1 {[%cal Gd8h4]} 26. Nxe6 Bxe6 $17 {[%csl Rf4,Rg3][%cal Gb6c7,Gd8h4] and with two pieces for a rook plus weak dark squares around White's king Black can look forward with a smile.}) (24. Qh2 Bc7 25. h4 Nxe4 $1 ({or} 25... Nh7 $5 {and White's position collapses.})) 24... Nh7 {The simplest. Black prepares a sacrifice of the knight on g5, which will provide him with a number of extra pawns and a vulnerable white king.} ({Also the computer's} 24... Nxe4 $5 {was strong.} 25. Nxf7 (25. fxe4 Qxg5+ 26. Ng4 f5 27. Nf3 Qh5 28. Qg2 fxe4 $1) 25... Kxf7 26. fxe4 Qxg5+ 27. Ng2 Bc7 $1 $19 {[%cal Ge6f6,Gg5g3]}) 25. h4 (25. Nxf7 $1 Kxf7 26. h4 {[%cal Ge1d3] trying to build a fortress was the very last practical chance.}) 25... Nxg5 26. hxg5 ({Doesn't help} 26. Qg2 Nxe4 $1 27. Nxf7 Qxh4 $1 28. fxe4 Kxf7 29. Nf3 Qh5 30. Ng5+ Kg7 31. Nxe6+ Bxe6 $19 {with a decisive attack.}) 26... Qxg5+ 27. Qg2 Qxh6 {[%cal Ge6e5,Ge5g5] Black is already a pawn up while his attack is only getting stronger.} 28. Nd3 g5 $1 $19 {[%cal Ge6g6,Gg5g4] Sacrifices never stoped the young Norwegian. The idea to open up the g-file with g4 leaves White no choice.} 29. Nxf4 Bc7 $1 {Now White starts to feel his weak dark squares- a consequence of her careless play in the opening.} 30. Nd3 (30. Nxe6+ {would only prolong the game, but after} Bxe6 $19 {[%cal Gc7f4,Gf4e3] Black fully dominates.}) 30... g4 $1 {[%csl Rg1,Rg2] Black shouldn't be asked twice before making this move. Opening of the g-file concludes the game.} 31. fxg4 Rg6 {[%csl Rg4]} (31... Rg6 32. Nf2 Rxb2 $19 {[%cal Gg6g4] is completely hopeless and so White resigned. Another brilliant win of Carlsen in Wijk aan Zee.}) 0-1

[Event "Reykjavik op 22nd"]
[Site "Reykjavik"]
[Date "2006.03.06"]
[Round "1"]
[White "Carlsen, Magnus"]
[Black "Weeks, Manuel William"]
[Result "1-0"]
[WhiteElo "2625"]
[BlackElo "2273"]
[PlyCount "81"]
[EventDate "2006.03.06"]
[EventType "swiss"]
[EventRounds "9"]
[EventCountry "ISL"]
[SourceTitle "CBM 111 Extra"]
[Source "ChessBase"]
[SourceDate "2006.05.09"]
[SourceVersion "1"]
[SourceVersionDate "2006.05.09"]
[SourceQuality "1"]

1. e4 e5 2. Nf3 Nc6 3. Bb5 a6 4. Ba4 Nf6 5. O-O Be7 6. Re1 b5 7. Bb3 d6 8. c3 O-O 9. h3 Nb8 10. d4 Nbd7 11. Nbd2 Bb7 12. Bc2 Re8 13. Nf1 Bf8 14. Ng3 g6 15. a4 Bg7 16. Bd3 c6 17. Bg5 Qc7 18. Qd2 Nf8 19. Bh6 Ne6 20. b4 Nd7 $146 ({RR} 20... Rad8 21. Ra3 Qe7 22. axb5 cxb5 23. d5 Bxh6 24. Qxh6 Nf4 25. Bf1 Rc8 26. Re3 Nd7 27. Nd2 Nb6 28. Ne2 Nh5 29. Rf3 Rc7 30. g4 Ng7 31. Qe3 Nc4 32. Nxc4 Rxc4 33. Nc1 Rc7 34. Nb3 Bc8 35. Na5 {Shetty,R (2335)-Vijayalakshmi,S (2399) Raipur 2002 0-1 (53)}) 21. Bf1 Nb6 22. Bxg7 Kxg7 23. a5 Nd7 24. c4 Rad8 25. Rac1 Qb8 26. Red1 f6 27. d5 cxd5 28. exd5 Nf4 29. cxb5 axb5 30. Bxb5 Bxd5 31. Bc6 Bxc6 32. Rxc6 d5 33. Rdc1 Nf8 34. Rb6 Qa7 35. Nd4 Rc8 36. Nb5 Qd7 37. Nd6 Rxc1+ 38. Qxc1 Re7 39. a6 Qa7 40. Qc6 N4e6 41. Nc8 1-0

[Event "Reykjavik op 22nd"]
[Site "Reykjavik"]
[Date "2006.03.07"]
[Round "2"]
[White "Tissir, Mohamed"]
[Black "Carlsen, Magnus"]
[Result "0-1"]
[WhiteElo "2444"]
[BlackElo "2625"]
[PlyCount "118"]
[EventDate "2006.03.06"]
[EventType "swiss"]
[EventRounds "9"]
[EventCountry "ISL"]
[SourceTitle "CBM 111 Extra"]
[Source "ChessBase"]
[SourceDate "2006.05.09"]
[SourceVersion "1"]
[SourceVersionDate "2006.05.09"]
[SourceQuality "1"]

1. e4 c5 2. Nf3 Nc6 3. d4 cxd4 4. Nxd4 e5 5. Nb5 d6 6. N1c3 a6 7. Na3 Be7 8. Nd5 Nf6 9. Nxf6+ Bxf6 10. Nc4 Be7 11. Be3 Be6 12. Nb6 Rb8 13. c3 ({RR} 13. Nd5 O-O 14. c3 Bg5 15. Bb6 Qd7 16. Bc4 Ne7 17. O-O Rbc8 18. Nxe7+ Qxe7 {½-½ (18) Mamedov,R (2639)-Radjabov,T (2740) Baku 2010}) ({RR} 13. Qd2 Nd4 14. Bxd4 exd4 15. Qxd4 Bf6 16. Qb4 Be5 17. c3 O-O 18. Bc4 a5 19. Qb5 Bxc4 20. Nxc4 Qg5 21. Kf1 Qf4 22. Re1 f5 23. Qd5+ Kh8 24. Qd2 fxe4 25. Qxf4 Bxf4 26. g3 Bh6 27. Kg2 d5 {Asis Gargatagli,H (2463)-Ozguner,H (2075) Barcelona ESP 2025 1-0 (56)}) 13... Bg5 14. Bxg5 Qxg5 15. Qd2 Qd8 $146 ({RR} 15... Qxd2+ 16. Kxd2 Rf8 17. Bc4 Rd8 18. Rad1 Bxc4 19. Nxc4 f5 20. Ke2 Ke7 21. exf5 Rxf5 22. Rd2 Rf6 23. Rhd1 Rg6 24. Kf1 Rf6 25. Kg1 b5 26. Ne3 Ke6 27. a4 Rf7 28. axb5 axb5 29. Ra1 Ra7 30. Rxa7 {Prill,D (2213)-Kovalevskaya,E (2409) Baden 2019 ½-½ (46)}) ({RR} 15... Qxd2+ 16. Kxd2 Rd8 17. Bc4 Bxc4 18. Nxc4 d5 19. exd5 Rxd5+ 20. Ke2 Ke7 21. Rhd1 Rhd8 22. Rxd5 Rxd5 23. a4 Ke6 24. b4 f5 25. f3 h5 26. Nb6 Rd6 27. Nc4 Rd5 28. Ne3 Rd7 29. b5 Na5 30. Rb1 {Polzin,R (2514)-Boensch,U (2538) Austria 2006 ½-½ (38)}) 16. Nc4 d5 17. exd5 Qxd5 18. Qxd5 Bxd5 19. O-O-O Be6 20. Nd6+ Ke7 21. Bc4 Rhd8 22. Bxe6 Kxe6 23. Ne4 b6 24. Rxd8 Nxd8 25. Rd1 f6 26. c4 f5 27. Nc3 Rc8 28. Kb1 Nf7 29. Nd5 b5 30. cxb5 axb5 31. a3 Nd6 32. Nc3 Rc4 33. Ka2 g5 34. Kb3 Rf4 35. Rd2 Nc4 36. Rc2 Na5+ 37. Ka2 b4 38. axb4 Nc6 39. Ka3 Nxb4 40. Rd2 Nc6 41. Na4 Nd4 42. Nc3 Rh4 43. h3 g4 44. hxg4 Rxg4 45. f3 Rg8 46. Ka2 h5 47. b4 h4 48. Ne2 Nc6 49. b5 Nb4+ 50. Kb3 Nd5 51. Nc3 Ne3 52. b6 Nxg2 53. Na4 h3 54. Nc5+ Kf7 55. Nd7 h2 56. Rd1 Ne1 57. Rxe1 Rg1 58. Nxe5+ Kg7 59. Re2 h1=Q 0-1